| 000 | 00509nam a2200145Ia 4500 | ||
|---|---|---|---|
| 008 | 231217s9999 xx 000 0 und d | ||
| 041 | _aEnglish | ||
| 082 | _a621.38195 INTI7.3;1 R | ||
| 100 | _aIntel | ||
| 245 | 0 | _aPentium processor family : developer's manual V3 : operating system writer's guide | |
| 260 |
_c1996 _bIntel |
||
| 300 | _axx+Index-16 | ||
| 650 | _aPentium,processor,family,:,User's,manual,V2,:,82496/82497,cache,controller,82491/82492,cache,SRAM,data,packaging,database | ||
| 942 | _cAA | ||
| 999 |
_c172043 _d172043 |
||